Portuguese speaking countries on a map - Statistics

General Stats
  • This quiz has been taken 82 times
  • The average score is 8 of 8
Answers on the Map
Answers color-coded by a green-red scale on the quiz's map according to % correct below.
 
Answer Stats
Answer % Correct
Brazil
99%
Mozambique
97%
Portugal
96%
Angola
94%
Timor-Leste
93%
Guinea-Bissau
91%
Cape Verde
90%
Sao Tome and Principe
90%
No matching quizzes found
Score Distribution
Percent of People with Each Score
Percentile by Number Answered
Your Score History
You have not taken this quiz